| 000 | 00000nam##2200000za#4500 |
| 001 | 9.686263 |
| 003 | CaOODSP |
| 005 | 20210624230445 |
| 007 | cr ||||||||||| |
| 008 | 150407|2002||||xxc|||||o f|0| 0 eng|d |
| 020 | |a0-662-31312-7 |
| 040 | |aCaOODSP|beng |
| 043 | |an-cn--- |
| 086 | 1 |aEn40-649/2001E-IN |
| 110 | 1 |aCanada. |bEnvironment Canada. |bEnvironmental Protection Service. |
| 245 | 10|aGeorgia Basin-Puget Sound ecosystem indicators report / |h[electronic resource]|c[by the] Transboundary Georgia Basin-Puget Sound Environmental Indicators Working Group. |
| 260 | |aOttawa - Ontario : |bEnvironment Canada. |cSpring 2002. |
| 300 | |a28p.|bcoloured illus., graphs, maps (some coloured), references, photographs |
| 590 | |a14-08-Supp|b2014-04-10 |
| 690 | 07|aEnvironmental protection|2gcpds |
| 690 | 07|aEnvironmental indicators|2gcpds |
| 775 | 08|tRapport sur les indicateurs écosystémiques de la région du bassin de Georgia et de Puget Sound / |w(CaOODSP)9.642884 |
| 856 | 40|ahttp://publications.gc.ca|qPDF|s6.96 MB|uhttps://publications.gc.ca/collections/collection_2014/ec/En40-649-2001-eng.pdf |
| 986 | |aEC/GB-01-034 |